00206nam a22000857a 4500008004100000082001700041245002000058260003300078300000900111230626b xxu||||| |||| 00| 0 eng d a338.09bYEF  aSoviet Industry aMoscow bProgress Publishers a266p